Der junge Mozart. (Record no. 4177)

MARC details
000 -LEADER
fixed length control field 00633cam a22002171 4500
001 - CONTROL NUMBER
control field af 48000702
003 - CONTROL NUMBER IDENTIFIER
control field DLC
005 - DATE AND TIME OF LATEST TRANSACTION
control field 20260227110845.0
008 - FIXED-LENGTH DATA ELEMENTS--GENERAL INFORMATION
fixed length control field 771213s1946 gw ag 000 0bger
010 ## - LIBRARY OF CONGRESS CONTROL NUMBER
LC control number af 48000702
035 ## - SYSTEM CONTROL NUMBER
System control number (OCoLC)3487114
040 ## - CATALOGING SOURCE
Original cataloging agency DLC
Transcribing agency ViU
Modifying agency DLC
042 ## - AUTHENTICATION CODE
Authentication code premarc
050 00 - LIBRARY OF CONGRESS CALL NUMBER
Classification number ML410.M9
Item number Z35
100 1# - MAIN ENTRY--PERSONAL NAME
Personal name Zentner, Wilhelm,
Dates associated with a name 1893-
245 14 - TITLE STATEMENT
Title Der junge Mozart.
260 ## - PUBLICATION, DISTRIBUTION, ETC.
Place of publication, distribution, etc. Altötting,
Name of publisher, distributor, etc. "Bücher der Heimat,"
Date of publication, distribution, etc. 1946.
300 ## - PHYSICAL DESCRIPTION
Extent 135 p.
Other physical details illus. (music)
Dimensions 18 cm.
440 #0 - SERIES STATEMENT/ADDED ENTRY--TITLE
Title Bücher der Heimat, aus Bayern, Oesterreich und Tirol,
Volume/sequential designation Bd. 12
600 10 - SUBJECT ADDED ENTRY--PERSONAL NAME
Personal name Mozart, Wolfgang Amadeus,
Dates associated with a name 1756-1791.

No items available.

Powered by Koha